| 000 | 00685namaa2200205 i 4500 | ||
|---|---|---|---|
| 001 | 175669 | ||
| 003 | ES-MaACL | ||
| 005 | 20230906215904.0 | ||
| 008 | 101116s1998 sp | |||| ||spa d | ||
| 080 | _a248.1-053.9 | ||
| 100 | 1 |
_aDíez-Alegría, José María. _9182604 |
|
| 245 | 1 | 0 |
_aReflexión cristiana sobre la ancianidad / _cJosé María Díez-Alegría. |
| 260 |
_aMadrid : _bUniversidad de Mayores Experiencia Recíproca, _c[1998] |
||
| 300 |
_a6 p. ; _c24 cm. |
||
| 490 | 1 |
_aColección "Cuadernos UMER" ; _v5 |
|
| 650 | 4 |
_aAncianos- _xVida religiosa. _99812 |
|
| 830 | 0 |
_aColección "Cuadernos UMER" ; _v5 _9189816 |
|
| 852 |
_aES-MaACL _j2303-F-21 |
||
| 999 |
_c175669 _d175669 |
||